01787nam a22002777a 4500003000900000008004100009040007100050082002500121110005500146245006800201260003100269300002900300440006700329505080100396650002701197650002601224650002101250650001901271650002601290700003101316700003201347700002901379700002401408700002201432710005501454AR-CdUCM190425b ||||| |||| 00| 0 spa d aMUNICIPALIDAD PROVINCIAL DEL CUSCOcBIBLIOTECA MUNICIPAL DEL CUSCO aRev.Univ/N°114/1958 aUniversidad Nacional de San Antonio Abad del Cusco aRevista Universitaria :bÓrgano de la Universidad del Cuzco / aCusco :bGarcilaso,c1958. a490 páginas. :c20 cm. aRevista UniversitarianAño XLVII, 1° semestre 1958, N°114. aContenido: Quien es quien en la universidad del Cuzco. -- El hombre y la familia su matrimonio y organización político social en Q´ero. Oscar Núñez del Prado. -- Documentos referentes a la campaña de la Independencia. Horacio Villanueva Urteaga. -- Mariátegui y el descentralismo. Carlos Núñez Anavitarte. -- Semblanza de Ramón Castilla. Alfredo Yépez Miranda. -- Algunos adelantos recientes en la citogenética. Thomas N. Goodspeed. -- Importancia de la preparación del estudiante para las profesiones en general especialmente para la Ingeniería. Eduardo Marmanillo. -- El PH de los suelos de cultivo de Cuzco. Jorge Kuon Cabello. -- Documentos para la reforma universitaria Cuzco. F.U.C. -- Notas necrológicas. Miguel Ángel Nieto Pacheco. Leónidas Hurtado Povea. aComunidades campesinas aIndependencia peruana aRamón Castilla aComunidad Qero aReforma Universitaria aNúñez del Prado, Oscar aVillanueva Urteaga, Horacio aYépez Miranda, Alfredo aKuon Cabello, Jorge aGoodspeed, Thomas aUniversidad Nacional de San Antonio Abad del Cusco